000 00464nam a2200169Ia 4500
999 _c23938
_d23938
003 OSt
005 20201124121825.0
008 190216s9999||||xx |||||||||||||| ||und||
040 _coclc
082 _a920
_bVEN/S
100 _aVenniyoor, E M J
_96899
245 0 _aSchweitzer /
_cE M J Venniyoor
260 _bK R Brothers,
_aKozhikode:
_c1961.
300 _a354p
650 _aJeeva Charithram
942 _cBK
_2ddc
_h920
_iVEN/S
_k920
_mVEN/S